| 000 | 00774nam a2200265 a 4500 | ||
|---|---|---|---|
| 008 | |||
| 020 | _a0394365372 | ||
| 090 |
_aBF121 _bWOR |
||
| 100 | 1 | _aWortman, Camille B. | |
| 245 | 1 | 0 |
_aPsychology / _cCamille B. Wortman, Elizabeth F. Loftus, Mary E. Marshall. |
| 250 | _a3rd ed. | ||
| 260 |
_aNew York : _bKnopf : _bDistributed by Random House, _cc1988. |
||
| 300 |
_a622 p. ; _c26 cm. |
||
| 500 | _aIncludes indexes. | ||
| 504 | _aIncludes bibliographical references. | ||
| 650 | 0 | _aPsychology. | |
| 700 | 1 | _aLoftus, Elizabeth F. | |
| 700 | 1 | _aMarshall, Mary E. | |
| 907 |
_a.b10076360 _b20-04-12 _c11-06-03 |
||
| 003 | |||
| 005 | 20230123133252.0 | ||
| 040 | _cNUST | ||
| 049 | _aMAIN | ||
| 942 |
_cBOOKS _kBF121 _mWOR |
||
| 999 |
_c145677 _d145677 |
||